000
00373nam a2200181Ia 4500
100
_a
Lock/Dennis
650
_a
Project Management
250
_a
9
942
_c
BK
366
_f
20
654
_a
project management
245
_a
Project Management
260
_b
Gower
_a
USA
_c
2007
082
_a
658.404/LOC
_b
LOC
300
_a
520
546
_a
ENGLISH
999
_c
25238
_d
25238